Návod k použití
Pokračovanie príspevku z Ekonóma 10. Prínosy z členstva v Únii: obojstranný ekonomický rozvoj, prechod na euro, dotácie z Bruselu. Prínosy sú premenlivou veličinou. Podstatné je, do akej miery dokáže člen ponúkané výhody využiť. Transfery EÚ do nových štátov v rokoch 2004-2006.
Salvato in:
| Autore principale: | |
|---|---|
| Natura: | Capitolo di libro |
| Lingua: | ceco |
| Soggetti: | |
| Tags: |
Nessun Tag, puoi essere il primo ad aggiungerne!!
|
MARC
| LEADER | 00000naa a2200000 4500 | ||
|---|---|---|---|
| 001 | r048189 | ||
| 005 | 20231004070935.5 | ||
| 041 | 0 | |a cze | |
| 044 | |a CZ | ||
| 245 | 1 | 0 | |a Návod k použití |c Vladimír Benáček |
| 520 | |a Pokračovanie príspevku z Ekonóma 10. Prínosy z členstva v Únii: obojstranný ekonomický rozvoj, prechod na euro, dotácie z Bruselu. Prínosy sú premenlivou veličinou. Podstatné je, do akej miery dokáže člen ponúkané výhody využiť. Transfery EÚ do nových štátov v rokoch 2004-2006. | ||
| 610 | 2 | 0 | |a Európska únia |
| 610 | 2 | 0 | |a štát |
| 610 | 2 | 0 | |a rozvoj hospodársky |
| 610 | 2 | 0 | |a euro |
| 610 | 2 | 0 | |a dotácie |
| 100 | 1 | |a Benáček, Vladimír | |